[Event "CHI-ch sf"]
[Site "Villa Alemana"]
[Date "2023.01.20"]
[Round "6"]
[White "Navarro Guerrero, Vincente"]
[Black "Rosales Schulz, Robin"]
[Result "0-1"]
[WhiteElo "2142"]
[BlackElo "2102"]
[PlyCount "116"]
[EventDate "2023.01.18"]
[EventType "swiss"]
[EventRounds "8"]
[EventCountry "CHI"]
[SourceTitle "CBM 212 Extra"]
[Source "ChessBase"]
[SourceDate "2023.03.31"]
[SourceVersion "1"]
[SourceVersionDate "2023.03.31"]
[SourceQuality "1"]

1. Nf3 d6 2. d4 g6 3. e3 Bg7 4. Be2 Nf6 5. b3 0-0 6. Bb2 Nbd7 7. c4 c6 8. Nc3 e5 9. dxe5 dxe5 10. Qc2 Re8 11. 0-0 Nc5 12. Rfd1 Qa5 13. Nd2 Bf5 14. e4 Bd7 15. a3 Qc7 16. Nf3 Rad8 17. b4 Ne6 18. Nd5 cxd5 19. Bxe5 Qc8 20. exd5 Ng5 21. Qb2 Nxf3+ 22. Bxf3 Rxe5 23. Qxe5 Ng4 24. Qe7 Re8 25. Qc5 Bxa1 26. Rxa1 Qxc5 27. bxc5 Rc8 28. c6 bxc6 29. dxc6 Be6 30. Re1 Nf6 31. Re5 Kf8 32. c5 Ke7 33. g4 h6 34. Kg2 Kd8 35. Kg3 Rb8 36. h4 Rb3 37. Kf4 Rxa3 38. g5 hxg5+ 39. hxg5 Ne8 40. Re1 Ra4+ 41. Ke5 Rc4 42. Rb1 Rxc5+ 43. Kd4 Rxg5 44. Rb7 Nc7 45. Be4 Nb5+ 46. Ke3 Re5 47. Rb8+ Kc7 48. Rb7+ Kc8 49. f3 Nd6 50. Rxa7 Nxe4 51. fxe4 f5 52. Kd4 Rxe4+ 53. Kc5 Kd8 54. Rh7 Bc8 55. Kd6 Re6+ 56. Kd5 Re7 57. Rh8+ Kc7 58. Rg8 Be6+ 0-1

[Event "CHI-chT"]
[Site "Santiago de Chile"]
[Date "2019.09.05"]
[Round "1.2"]
[White "Navarro Guerrero, Vincente"]
[Black "Orrego Palermo, Marcelo Andres"]
[Result "1-0"]
[WhiteElo "2200"]
[BlackElo "1971"]
[PlyCount "69"]
[EventDate "2019.09.05"]
[EventType "team-swiss"]
[EventRounds "9"]
[EventCountry "CHI"]
[SourceTitle "CBM 193 Extra"]
[Source "ChessBase"]
[SourceDate "2020.01.31"]
[SourceVersion "1"]
[SourceVersionDate "2020.01.31"]
[SourceQuality "1"]
[WhiteTeam "Chile CC Z"]
[BlackTeam "Chile CC II"]
[WhiteTeamCountry "CHI"]
[BlackTeamCountry "CHI"]

1. f4 d5 2. Nf3 g6 3. e3 Bg7 4. Be2 e6 5. 0-0 Nf6 6. d3 0-0 7. Nc3 b6 8. Qe1 Bb7 9. Bd1 Nc6 10. e4 dxe4 11. dxe4 Nd4 12. e5 Nxf3+ 13. Bxf3 Nd5 14. Ne4 Rb8 15. b3 f5 16. Ng5 Qe7 17. c4 Nb4 18. Ba3 a5 19. Bxb7 Rxb7 20. Rd1 h6 21. Nf3 c5 22. Bxb4 axb4 23. Qg3 Kf7 24. h4 Rg8 25. h5 Bf8 26. hxg6+ Rxg6 27. Qh3 Rg4 28. g3 Rd7 29. Kf2 Rxd1 30. Rxd1 Qa7 31. Rd2 b5 32. Qh5+ Ke7 33. Nh2 Rg8 34. Qh4+ Kf7 35. Qf6+ 1-0

[Event "CHI-ch sf"]
[Site "Santiago de Chile"]
[Date "2018.12.07"]
[Round "2.8"]
[White "Navarro Guerrero, Vincente"]
[Black "Mazu Fuenzalida, Karim"]
[Result "1-0"]
[WhiteElo "2186"]
[BlackElo "1949"]
[PlyCount "63"]
[EventDate "2018.12.07"]
[EventType "swiss"]
[EventRounds "8"]
[EventCountry "CHI"]
[SourceTitle "EXT 2024"]
[Source "ChessBase"]
[SourceDate "2023.10.10"]
[SourceVersion "1"]
[SourceVersionDate "2023.10.10"]
[SourceQuality "1"]

1. e4 c5 2. b3 Nc6 3. Bb2 Nf6 4. e5 Nd5 5. Nf3 e6 6. Bb5 Be7 7. Bxc6 bxc6 8. 0-0 0-0 9. Nc3 f6 10. Ne4 d6 11. exd6 Bxd6 12. Nxd6 Qxd6 13. Ba3 e5 14. d4 exd4 15. Qxd4 cxd4 16. Bxd6 Rd8 17. Bc5 Nc3 18. Rfe1 d3 19. cxd3 Bg4 20. Nd4 Rxd4 21. Bxd4 Ne2+ 22. Kh1 Nxd4 23. Re4 Nc2 24. Rc1 Bf5 25. Rxc2 Bxe4 26. dxe4 Rd8 27. g3 Rd6 28. Kg2 Kf7 29. Kf3 Ke6 30. Ke3 h5 31. f4 g6 32. Rd2 1-0

[Event "Santiago Honour Series"]
[Site "Santiago de Chile"]
[Date "2016.08.29"]
[Round "1.6"]
[White "Navarro Guerrero, Vincente"]
[Black "Riquelme Abuffon, Nicolas Maximiliano"]
[Result "1-0"]
[WhiteElo "2145"]
[BlackElo "1860"]
[PlyCount "67"]
[EventDate "2016.08.29"]
[EventType "swiss"]
[EventRounds "7"]
[EventCountry "CHI"]
[SourceTitle "EXT 2024"]
[Source "ChessBase"]
[SourceDate "2023.10.10"]
[SourceVersion "1"]
[SourceVersionDate "2023.10.10"]
[SourceQuality "1"]

1. b3 e5 2. Bb2 Nc6 3. e3 d5 4. Bb5 Bd6 5. f4 f6 6. Qh5+ g6 7. Qh4 Qe7 8. Nf3 e4 9. Nd4 Bd7 10. Bxc6 bxc6 11. 0-0 0-0-0 12. c4 g5 13. Qh5 c5 14. Nb5 Bxb5 15. cxb5 d4 16. fxg5 Be5 17. Na3 dxe3 18. gxf6 Bxf6 19. Qf5+ Kb8 20. Bxf6 Nxf6 21. Qxf6 Qxf6 22. Rxf6 exd2 23. Rd1 e3 24. Kf1 Rd3 25. Ke2 Rc3 26. Rf3 Re8 27. Nc4 c6 28. bxc6 Kc7 29. Rxe3 Rcxe3+ 30. Nxe3 Kxc6 31. Kxd2 a5 32. a4 Rb8 33. Nc4 Kb7 34. Kc2 1-0

[Event "CHI-ch Metropolitan sf 0708"]
[Site "Santiago de Chile"]
[Date "2008.02.09"]
[Round "4"]
[White "Figueroa Morales, Tomas"]
[Black "Navarro Guerrero, Vincente"]
[Result "0-1"]
[WhiteElo "2122"]
[BlackElo "2122"]
[PlyCount "58"]
[EventDate "2008.02.06"]
[EventType "swiss"]
[EventRounds "9"]
[EventCountry "CHI"]
[SourceTitle "EXT 2012"]
[Source "ChessBase"]
[SourceDate "2011.11.24"]
[SourceVersion "1"]
[SourceVersionDate "2011.11.24"]
[SourceQuality "1"]

1. d4 d5 2. c4 Nc6 3. Nf3 Bg4 4. cxd5 Bxf3 5. dxc6 Bxc6 6. Nc3 e6 7. e4 Bb4 8. f3 Qh4+ 9. g3 Qf6 10. Be2 0-0-0 11. Be3 Bc5 12. e5 Qg6 13. 0-0 f5 14. Na4 Bxa4 15. Qxa4 Bb6 16. Rfd1 Ne7 17. Rac1 h5 18. Bf2 h4 19. g4 h3 20. Qc2 Nd5 21. Bf1 Qg5 22. Qd2 f4 23. Be2 Ne3 24. Bxe3 fxe3 25. Qc3 Qf4 26. Qc4 Rd5 27. Rd3 Rh4 28. Kh1 Rxg4 29. Rb3 Rg2 0-1

[Event "CHI-chT"]
[Site "Santiago de Chile"]
[Date "2007.12.11"]
[Round "9"]
[White "Ulloa Grez, Luis Antonio"]
[Black "Navarro Guerrero, Vincente"]
[Result "0-1"]
[WhiteElo "2077"]
[BlackElo "2122"]
[PlyCount "92"]
[EventDate "2007.10.16"]
[EventType "team-tourn"]
[EventRounds "9"]
[EventCountry "CHI"]
[SourceTitle "EXT 2012"]
[Source "ChessBase"]
[SourceDate "2011.11.24"]
[SourceVersion "1"]
[SourceVersionDate "2011.11.24"]
[SourceQuality "1"]

1. e4 e6 2. d3 d5 3. Nd2 Nf6 4. e5 Nfd7 5. Ngf3 f6 6. exf6 Qxf6 7. d4 c5 8. c4 cxd4 9. cxd5 exd5 10. Nb3 Nc6 11. Qe2+ Be7 12. Bg5 Qd6 13. Bxe7 Nxe7 14. Nfxd4 Nf6 15. Nb5 Qd8 16. Qe5 0-0 17. Be2 a6 18. Nc3 Nc6 19. Qg5 Re8 20. 0-0 Re5 21. Qh4 Bf5 22. Nd4 Be4 23. Rad1 Nxd4 24. Rxd4 Qb6 25. Rd2 Rae8 26. Bd1 d4 27. Bb3+ Kh8 28. Ne2 d3 29. Ng3 Bg6 30. Qc4 Rd8 31. Qf4 Qc5 32. h3 Rd4 33. Qf3 Qb4 34. Qd1 h5 35. a3 Qb6 36. Ba2 h4 37. Nh1 Rg5 38. Re1 Re4 39. Kf1 Qd4 40. f3 Re3 41. Rxe3 Qxe3 42. Nf2 Nh5 43. Bc4 Re5 44. Bxd3 Rd5 45. Kg1 Nf4 46. Qc2 Rxd3 0-1